000 00439nam a22001817a 4500
003 MPLRDC
005 20220104191259.0
008 210129b ||||| |||| 00| 0 eng d
020 _a978-983-9820-47-8
082 _a868.71 ZYF
100 _a张燕芬
245 _a28楼窥看林冠英
_c
250 _a初版
260 _a马来西亚
_b民主行动党
_c2011
300 _b
650 _a马华文学
942 _cBK
_o868.71 ZYF
999 _c64170
_d64160